[Event "Niedersaechsisches DLM-Triumph-Turnier"]
[Site "Hamburg"]
[Date "2019.01.31"]
[Round "7.1"]
[White "Wachinger, Nikolas"]
[Black "Gaede, Derek"]
[Result "1/2-1/2"]
[WhiteElo "2276"]
[BlackElo "2318"]
[Annotator "hugo50"]
[PlyCount "134"]
[EventDate "2019.??.??"]

1. e4 e6 2. d4 d5 3. Bd3 dxe4 4. Bxe4 Nf6 5. Bf3 c5 6. Ne2 Nc6 7. Be3 cxd4 8.
Nxd4 Ne5 9. Nc3 a6 10. Qe2 Nxf3+ 11. Qxf3 e5 12. Nb3 Bb4 13. Bg5 Qd5 14. Qxd5
Nxd5 15. O-O-O Ne7 16. Bxe7 Bxe7 17. Nd5 Bd8 18. Rhe1 f6 19. f4 O-O 20. fxe5
fxe5 21. Rxe5 Bg4 22. Rde1 Rf2 23. h3 Bf5 24. Nd4 Bg6 25. g3 Rc8 26. R1e2 Rf1+
27. Re1 Rf2 28. R5e2 Bg5+ 29. Kb1 Rxe2 30. Rxe2 Rd8 31. Re5 Bf6 32. Ne6 Re8 33.
Re2 Bf5 34. Ndc7 Re7 35. g4 Bxe6 36. Nxe6 Kf7 37. Nf4 Rxe2 38. Nxe2 Kg6 39.
Nf4+ Kg5 40. Ng2 h5 41. gxh5 Kf5 42. c4 Ke4 43. Kc2 Kf3 44. Ne1+ Kg3 45. Nd3
Kxh3 46. Nc5 Kg4 47. Nxb7 Kxh5 48. c5 g5 49. c6 Be5 50. Kd3 g4 51. Ke4 Bc7 52.
Nc5 Kh4 53. Nxa6 g3 54. Nxc7 g2 55. Ne6 g1=Q 56. c7 Qg2+ 57. Ke5 Qc6 58. b4 Kh5
59. b5 Qxb5+ 60. Kd6 Qb7 61. Nd8 Qb4+ 62. Kd7 Qb5+ 63. Kc8 Kg6 {(1)} 64. Nb7
Qe8+ 65. Nd8 Qb5 {(2)} 66. Nb7 Qe8+ 67. Nd8 Qb5 {(3) Threefold repetition of
the position.} 1/2-1/2

[Event "Niedersaechsisches DLM-Triumph-Turnier"]
[Site "Hamburg"]
[Date "2019.01.31"]
[Round "8.1"]
[White "Zaitsev, Mikhail"]
[Black "Wachinger, Nikolas"]
[Result "1/2-1/2"]
[WhiteElo "2467"]
[BlackElo "2276"]
[Annotator "hugo50"]
[PlyCount "61"]
[EventDate "2019.??.??"]

1. e4 c5 2. c3 Nf6 3. e5 Nd5 4. d4 cxd4 5. cxd4 d6 6. Nf3 Nc6 7. Bc4 dxe5 8.
dxe5 Ndb4 9. Qxd8+ Nxd8 10. Na3 Bg4 11. Nd4 Ndc6 12. Nxc6 Nxc6 13. f4 Bf5 14.
Be3 e6 15. Nb5 Rc8 16. Rc1 a6 17. Nd4 Nxd4 18. Bxd4 Bb4+ 19. Ke2 Ke7 20. Bd3
Bxd3+ 21. Kxd3 Kd7 22. a3 Rxc1 23. Rxc1 Be7 24. a4 h5 25. Rc3 Rc8 26. Rxc8 Kxc8
27. Kc4 Kd7 28. b4 g6 29. b5 axb5+ 30. axb5 Ba3 31. Be3 {(=)} 1/2-1/2

[Event "Niedersaechsisches DLM-Triumph-Turnier"]
[Site "Hamburg"]
[Date "2019.02.01"]
[Round "9.1"]
[White "Wachinger, Nikolas"]
[Black "Bodnar, Alexander"]
[Result "1-0"]
[WhiteElo "2276"]
[BlackElo "2266"]
[PlyCount "163"]
[EventDate "2019.??.??"]

1. e4 c5 2. Nf3 d6 3. Bb5+ Nd7 4. d4 cxd4 5. Qxd4 a6 6. Bxd7+ Bxd7 7. Nc3 Nf6
8. Bg5 e6 9. O-O-O Be7 10. e5 dxe5 11. Nxe5 Bc6 12. Nxc6 bxc6 13. Bxf6 Bxf6 14.
Qc5 Qc7 15. Ne4 Qf4+ 16. Nd2 Rc8 17. g3 Qg5 18. Qxg5 Bxg5 19. f4 Be7 20. Nc4
Rc7 21. Rd3 g5 22. Rf1 gxf4 23. gxf4 h5 24. f5 Rh6 25. Rdf3 Rf6 26. fxe6 Rxf3
27. Rxf3 fxe6 28. Kd2 Rd7+ 29. Ke2 Rd5 30. Re3 Rg5 31. h3 Rg2+ 32. Kd3 Kd7 33.
Rf3 h4 34. Nd2 Kd6 35. Ne4+ Ke5 36. Rf7 Bd8 37. b4 Rh2 38. Rf3 a5 39. a3 Rh1
40. Nf2 Rb1 41. Ng4+ Kd6 42. Kc4 axb4 43. axb4 Bg5 44. Rd3+ Kc7 45. Rf3 Kd6 46.
Rd3+ Kc7 47. Ne5 Bf4 48. Nf3 Bg3 49. Re3 e5 50. Nxe5 Rh1 51. Nf3 Rxh3 52. Nd4
Rh2 53. Re7+ Kc8 54. c3 h3 55. Rh7 Rh1 56. Kc5 Be5 57. Kxc6 Bxd4 58. cxd4 Kd8
59. d5 h2 60. Kd6 Kc8 61. b5 Kb8 62. b6 Kc8 63. Rc7+ Kb8 64. Rc2 Kb7 65. Kc5
Rb1 66. Rxh2 Rc1+ 67. Kd6 Rb1 68. Kd7 Kxb6 69. d6 Kb7 70. Rc2 Rb3 71. Kd8 Rh3
72. Re2 Kc6 73. d7 Rh8+ 74. Re8 Rh7 75. Re6+ Kb7 76. Re1 Rh8+ 77. Ke7 Rh7+ 78.
Kd6 Rh6+ 79. Re6 Rh8 80. Re8 Rh6+ 81. Ke5 Rh5+ 82. Kf4 1-0

[Event "Uppsala Young Champions 2018"]
[Site "Uppsala, Sweden"]
[Date "2018.10.26"]
[Round "1.8"]
[White "Akselsson Apol, Luitjen"]
[Black "Colbow, Collin"]
[Result "0-1"]
[WhiteElo "1735"]
[BlackElo "2131"]
[PlyCount "80"]
[EventDate "2018.??.??"]

1. e4 c5 2. Nf3 d6 3. d4 cxd4 4. Nxd4 Nf6 5. Nc3 g6 6. Be3 Bg7 7. f3 O-O 8. Qd2
{[%emt 0:00:19]} Nc6 {[%emt 0:00:06]} 9. O-O-O {[%emt 0:13:14]} d5 10. exd5
Nxd5 11. Nxc6 bxc6 12. Bd4 e5 13. Bc5 Be6 14. Bc4 Qh4 {[%emt 0:13:17]} 15. Bxd5
{[%emt 0:21:20]} Rfd8 {[%emt 0:14:27]} 16. g3 {[%emt 0:13:06]} Qh5 {[%emt 0:05:
03]} 17. g4 {[%emt 0:03:17]} Qh3 {[%emt 0:03:03]} 18. Rhg1 {[%emt 0:05:00]} Qh4
{[%emt 0:08:11]} 19. Be3 {[%emt 0:11:27]} h6 {[%emt 0:04:54]} 20. g5 {[%emt 0:
11:34]} cxd5 {[%emt 0:13:28]} 21. gxh6 {[%emt 0:03:09]} Bf6 {[%emt 0:00:21]}
22. Qf2 {[%emt 0:06:46]} d4 {[%emt 0:04:36]} 23. Qxh4 {[%emt 0:06:54]} Bxh4 {
[%emt 0:00:07]} 24. Bd2 {[%emt 0:00:26]} dxc3 {[%emt 0:00:35]} 25. Bxc3 {
[%emt 0:00:06]} Bf2 {[%emt 0:00:20]} 26. Rg2 {[%emt 0:01:15]} Be3+ {[%emt 0:00:
14]} 27. Bd2 {[%emt 0:00:12]} Bxd2+ {[%emt 0:00:28]} 28. Rdxd2 {[%emt 0:00:07]}
Rxd2 {[%emt 0:01:13]} 29. Rxd2 {[%emt 0:00:15]} Kh7 {[%emt 0:00:44]} 30. b3 {
[%emt 0:00:28]} Kxh6 {[%emt 0:00:14]} 31. c4 {[%emt 0:00:06]} Kg5 {[%emt 0:01:
05]} 32. Rc2 {[%emt 0:02:27]} Kf4 {[%emt 0:00:07]} 33. Rc3 {[%emt 0:00:08]} f5
{[%emt 0:00:51]} 34. b4 {[%emt 0:00:11]} e4 {[%emt 0:01:01]} 35. fxe4 {[%emt 0:
00:12]} fxe4 {[%emt 0:00:31]} 36. Kd2 {[%emt 0:00:09]} Rd8+ {[%emt 0:00:05]}
37. Ke1 {[%emt 0:00:38]} Rd3 {[%emt 0:00:50]} 38. Rxd3 {[%emt 0:00:55]} exd3 {
[%emt 0:00:05]} 39. Kd2 {[%emt 0:00:07]} Bxc4 {[%emt 0:00:06]} 40. a4 {[%emt 0:
00:06]} Ke5 {[%emt 0:00:58]} 0-1

[Event "Uppsala Young Champions 2018"]
[Site "Uppsala, Sweden"]
[Date "2018.10.27"]
[Round "2.4"]
[White "Colbow, Collin"]
[Black "Nilsson, Joakim"]
[Result "1/2-1/2"]
[WhiteElo "2131"]
[BlackElo "2195"]
[PlyCount "67"]
[EventDate "2018.??.??"]

1. e4 {[%emt 0:03:03]} e5 {[%emt 0:00:08]} 2. Nf3 {[%emt 0:00:41]} Nf6 {
[%emt 0:00:07]} 3. d4 {[%emt 0:00:45]} Nxe4 {[%emt 0:00:12]} 4. Bd3 {[%emt 0:
00:19]} d5 {[%emt 0:00:11]} 5. Nxe5 {[%emt 0:00:07]} Nd7 {[%emt 0:00:08]} 6.
Nxd7 {[%emt 0:04:25]} Bxd7 {[%emt 0:00:11]} 7. Nc3 {[%emt 0:03:41]} Nxc3 {
[%emt 0:06:20]} 8. bxc3 {[%emt 0:00:06]} Bd6 {[%emt 0:01:22]} 9. O-O {[%emt 0:
01:15]} O-O {[%emt 0:02:00]} 10. f4 {[%emt 0:03:47]} Qh4 {[%emt 0:04:44]} 11.
Qf3 {[%emt 0:04:25]} Qg4 {[%emt 0:18:35]} 12. Qxd5 {[%emt 0:06:18]} Bc6 {
[%emt 0:11:22]} 13. Qg5 {[%emt 0:02:27]} Qd7 {[%emt 0:00:38]} 14. Bf5 {[%emt 0:
12:07]} Qe8 {[%emt 0:02:41]} 15. Bd2 {[%emt 0:01:33]} Be7 {[%emt 0:01:07]} 16.
Qg4 {[%emt 0:04:10]} Qd8 {[%emt 0:01:24]} 17. Rfe1 {[%emt 0:02:16]} Bf6 {
[%emt 0:00:13]} 18. Bd3 {[%emt 0:05:21]} Qd6 {[%emt 0:04:33]} 19. f5 {[%emt 0:
03:58]} Rfe8 {[%emt 0:00:54]} 20. Bg5 {[%emt 0:08:01]} b5 {[%emt 0:05:58]} 21.
Bxf6 {[%emt 0:02:34]} Qxf6 {[%emt 0:00:10]} 22. Qf4 {[%emt 0:00:36]} Rac8 {
[%emt 0:07:21]} 23. Re5 {[%emt 0:04:07]} Red8 {[%emt 0:02:49]} 24. Rae1 {
[%emt 0:02:10]} h6 {[%emt 0:01:56]} 25. Re7 {[%emt 0:06:22]} b4 {[%emt 0:02:11]
} 26. Bc4 {[%emt 0:02:42]} Bd5 {[%emt 0:01:00]} 27. Bxd5 {[%emt 0:02:00]} Rxd5
{[%emt 0:00:08]} 28. R7e5 {[%emt 0:07:37]} Rcd8 {[%emt 0:02:46]} 29. Rxd5 {
[%emt 0:00:38]} Rxd5 {[%emt 0:00:06]} 30. Qe4 {[%emt 0:01:43]} c6 {[%emt 0:00:
55]} 31. cxb4 {[%emt 0:01:10]} Rxd4 {[%emt 0:00:52]} 32. Qe8+ {[%emt 0:00:30]}
Kh7 {[%emt 0:00:08]} 33. Qe5 {[%emt 0:02:24]} Qxe5 {[%emt 0:07:01]} 34. Rxe5 {
[%emt 0:00:13]} 1/2-1/2

[Event "Uppsala Young Champions 2018"]
[Site "Uppsala, Sweden"]
[Date "2018.10.27"]
[Round "3.3"]
[White "Heimisson, Hilmir Freyr"]
[Black "Colbow, Collin"]
[Result "1-0"]
[WhiteElo "2271"]
[BlackElo "2131"]
[PlyCount "51"]
[EventDate "2018.??.??"]

1. d4 {[%emt 2:56:35]} Nf6 {[%emt 0:00:12]} 2. Nf3 {[%emt 0:00:06]} e6 {
[%emt 0:00:10]} 3. Bg5 {[%emt 0:00:03]} b6 {[%emt 0:02:41]} 4. e4 {[%emt 0:01:
52]} h6 {[%emt 0:02:11]} 5. Bxf6 {[%emt 0:00:08]} Qxf6 {[%emt 0:01:42]} 6. Bd3
{[%emt 0:04:07]} Bb7 {[%emt 0:01:20]} 7. O-O {[%emt 0:01:22]} g5 {[%emt 0:06:
13]} 8. Nbd2 {[%emt 0:07:19]} Be7 {[%emt 0:04:28]} 9. c3 {[%emt 0:06:22]} Nc6 {
[%emt 0:08:14]} 10. Qe2 {[%emt 0:02:36]} d6 {[%emt 0:06:59]} 11. b4 {[%emt 0:
06:43]} O-O-O {[%emt 0:09:00]} 12. a4 {[%emt 0:02:37]} g4 {[%emt 0:02:47]} 13.
Ne1 {[%emt 0:00:05]} a5 {[%emt 0:16:06]} 14. bxa5 {[%emt 0:02:25]} Nxa5 {
[%emt 0:01:01]} 15. Nc4 {[%emt 0:00:55]} Qg5 {[%emt 0:03:17]} 16. Nxa5 {
[%emt 0:05:25]} Qxa5 {[%emt 0:00:56]} 17. Nc2 {[%emt 0:00:13]} Rhg8 {[%emt 0:
03:19]} 18. Rfb1 {[%emt 0:02:27]} Rg5 {[%emt 0:01:24]} 19. Qe1 {[%emt 0:13:39]}
Ba6 {[%emt 0:03:31]} 20. Rb5 {[%emt 0:01:42]} Bxb5 {[%emt 0:03:07]} 21. axb5 {
[%emt 0:00:08]} Rxb5 {[%emt 0:00:41]} 22. Rxa5 {[%emt 0:00:17]} Rxa5 {[%emt 0:
00:03]} 23. g3 {[%emt 0:10:23]} Kb7 {[%emt 0:00:55]} 24. Qe2 {[%emt 0:00:19]}
h5 {[%emt 0:00:52]} 25. d5 {[%emt 0:02:50]} Bf6 {[%emt 0:01:10]} 26. Bb5 {
[%emt 0:01:09]} 1-0

[Event "Uppsala Young Champions 2018"]
[Site "Uppsala, Sweden"]
[Date "2018.10.28"]
[Round "4.4"]
[White "Colbow, Collin"]
[Black "Kistrup, Nicolai"]
[Result "1-0"]
[WhiteElo "2131"]
[BlackElo "2120"]
[PlyCount "83"]
[EventDate "2018.??.??"]

1. e4 {[%emt 0:00:04]} e5 {[%emt 0:00:07]} 2. Nf3 {[%emt 0:00:04]} Nc6 {
[%emt 0:00:05]} 3. Bb5 a6 {[%emt 0:00:50]} 4. Ba4 {[%emt 0:00:07]} Nf6 {
[%emt 0:00:27]} 5. d3 {[%emt 0:00:11]} b5 {[%emt 0:05:06]} 6. Bb3 Be7 {[%emt 0:
04:45]} 7. O-O d6 {[%emt 0:03:15]} 8. c3 O-O {[%emt 0:02:43]} 9. Re1 Na5 {
[%emt 0:04:52]} 10. Bc2 c5 {[%emt 0:00:40]} 11. Nbd2 Nc6 {[%emt 0:01:05]} 12.
Nf1 Re8 {[%emt 0:05:24]} 13. Ng3 {[%emt 0:04:21]} Be6 {[%emt 0:07:52]} 14. h3 {
[%emt 0:11:01]} h6 {[%emt 0:00:52]} 15. d4 {[%emt 0:13:26]} cxd4 {[%emt 0:02:
17]} 16. cxd4 {[%emt 0:00:31]} exd4 {[%emt 0:01:16]} 17. Nxd4 {[%emt 0:00:31]}
Nxd4 {[%emt 0:00:14]} 18. Qxd4 {[%emt 0:00:11]} Rc8 {[%emt 0:00:38]} 19. Bb3 {
[%emt 0:04:04]} d5 {[%emt 0:03:28]} 20. e5 {[%emt 0:03:51]} Nd7 {[%emt 0:07:53]
} 21. Bd2 {[%emt 0:04:27]} Qb6 {[%emt 0:13:59]} 22. Qd3 {[%emt 0:11:45]} Bc5 {
[%emt 0:04:05]} 23. Re2 {[%emt 0:07:49]} Bd4 {[%emt 0:15:06]} 24. Bc2 {[%emt 0:
05:55]} g6 {[%emt 0:07:23]} 25. Rae1 {[%emt 0:03:50]} Kh7 {[%emt 0:08:35]} 26.
Bc1 {[%emt 0:06:43]} Bc5 {[%emt 0:04:43]} 27. Qf3 {[%emt 0:02:10]} Bf8 {
[%emt 0:00:39]} 28. h4 {[%emt 0:01:38]} Kg8 {[%emt 0:00:33]} 29. h5 {[%emt 0:
00:49]} g5 {[%emt 0:00:28]} 30. Qd3 {[%emt 0:01:22]} Bg7 {[%emt 0:00:26]} 31.
Qh7+ {[%emt 0:02:23]} Kf8 {[%emt 0:00:05]} 32. Bd2 {[%emt 0:05:22]} Rc4 {
[%emt 0:01:01]} 33. Bd3 {[%emt 0:00:51]} Rh4 {[%emt 0:00:28]} 34. a3 {[%emt 0:
02:21]} a5 {[%emt 0:00:26]} 35. b4 {[%emt 0:02:33]} a4 {[%emt 0:00:30]} 36. Bc3
{[%emt 0:01:29]} d4 {[%emt 0:00:31]} 37. Bb2 {[%emt 0:00:06]} Bg4 {[%emt 0:00:
27]} 38. Re4 {[%emt 0:00:47]} Bxe5 {[%emt 0:00:35]} 39. Bxd4 {[%emt 0:00:27]}
Qxd4 {[%emt 0:00:32]} 40. Qxh6+ {[%emt 0:00:54]} Ke7 {[%emt 0:00:33]} 41. Rxd4
{[%emt 0:00:11]} Kd8 {[%emt 0:00:28]} 42. Qb6+ {[%emt 0:00:21]} 1-0

[Event "Uppsala Young Champions 2018"]
[Site "Uppsala, Sweden"]
[Date "2018.10.29"]
[Round "5.3"]
[White "Sundin, Emanuel"]
[Black "Colbow, Collin"]
[Result "1-0"]
[WhiteElo "2166"]
[BlackElo "2131"]
[PlyCount "79"]
[EventDate "2018.??.??"]

1. d4 {[%emt 0:00:05]} Nf6 {[%emt 0:00:27]} 2. c4 {[%emt 0:00:16]} e6 {[%emt 0:
00:09]} 3. g3 {[%emt 0:00:59]} d5 {[%emt 0:00:28]} 4. Nf3 {[%emt 0:01:20]} Bb4+
{[%emt 0:00:07]} 5. Bd2 {[%emt 0:01:04]} Bd6 {[%emt 0:00:07]} 6. Bg2 {[%emt 0:
01:57]} O-O {[%emt 0:00:52]} 7. O-O {[%emt 0:01:01]} c6 {[%emt 0:00:16]} 8. Qc2
{[%emt 0:02:37]} Ne4 {[%emt 0:15:52]} 9. a3 {[%emt 0:13:54]} Nd7 {[%emt 0:04:
49]} 10. Nc3 {[%emt 0:08:23]} f5 {[%emt 0:01:50]} 11. e3 {[%emt 0:13:28]} g5 {
[%emt 0:08:06]} 12. Ne2 {[%emt 0:07:40]} b6 {[%emt 0:22:00]} 13. c5 {[%emt 0:
13:05]} bxc5 {[%emt 0:03:44]} 14. dxc5 {[%emt 0:00:08]} Ndxc5 {[%emt 0:02:11]}
15. b4 {[%emt 0:02:18]} Nb7 {[%emt 0:03:06]} 16. Nfd4 {[%emt 0:12:32]} Nxd2 {
[%emt 0:03:31]} 17. Qxd2 {[%emt 0:00:24]} c5 {[%emt 0:02:07]} 18. bxc5 {
[%emt 0:01:13]} Nxc5 {[%emt 0:01:33]} 19. Rfc1 {[%emt 0:01:29]} Bd7 {[%emt 0:
02:51]} 20. Qa2 {[%emt 0:03:07]} Qe7 {[%emt 0:02:33]} 21. Rab1 {[%emt 0:04:10]}
Rab8 {[%emt 0:02:05]} 22. Nc3 {[%emt 0:01:54]} Kh8 {[%emt 0:01:56]} 23. Ncb5 {
[%emt 0:01:59]} a6 {[%emt 0:05:08]} 24. Nxd6 {[%emt 0:00:06]} Qxd6 {[%emt 0:00:
15]} 25. Qa1 {[%emt 0:02:42]} Kg8 {[%emt 0:01:45]} 26. Qc3 {[%emt 0:01:20]} Na4
{[%emt 0:03:13]} 27. Qd2 {[%emt 0:02:13]} Rxb1 {[%emt 0:02:33]} 28. Rxb1 Rc8 {
[%emt 0:00:51]} 29. e4 {[%emt 0:01:36]} h6 {[%emt 0:04:21]} 30. exd5 {[%emt 0:
00:37]} exd5 {[%emt 0:00:28]} 31. Qa5 {[%emt 0:01:21]} Nc5 {[%emt 0:06:09]} 32.
Rd1 {[%emt 0:00:52]} Rb8 {[%emt 0:00:35]} 33. Qc3 {[%emt 0:00:31]} Ne4 {
[%emt 0:00:25]} 34. Qc2 {[%emt 0:00:31]} Qxa3 {[%emt 0:00:40]} 35. Bxe4 {
[%emt 0:00:25]} fxe4 {[%emt 0:00:25]} 36. Qc7 {[%emt 0:00:24]} Rb4 {[%emt 0:00:
36]} 37. Qd8+ {[%emt 0:00:19]} Kf7 {[%emt 0:00:07]} 38. Qxd7+ {[%emt 0:00:03]}
Kg6 {[%emt 0:00:20]} 39. Qf5+ {[%emt 0:01:00]} Kh5 {[%emt 0:00:24]} 40. Ne6 {
[%emt 0:00:39]} 1-0

[Event "Uppsala Young Champions 2018"]
[Site "?"]
[Date "2018.10.29"]
[Round "6.4"]
[White "Colbow, Collin"]
[Black "Thorhallsson, Simon"]
[Result "1/2-1/2"]
[WhiteElo "2131"]
[BlackElo "2092"]
[Annotator "Buchal,Stephan"]
[PlyCount "143"]
[EventDate "2018.??.??"]

1. e4 c5 2. Nf3 d6 3. d4 cxd4 4. Nxd4 Nf6 5. Nc3 a6 6. Be3 e5 7. Nb3 Be7 8. h3
Be6 9. f4 exf4 10. Bxf4 Nc6 11. Qe2 O-O 12. O-O-O Qc7 13. g4 Ne5 14. g5 Nfd7
15. Qg2 b5 16. Kb1 b4 17. Nd5 Bxd5 18. exd5 a5 19. Nd4 Rfb8 20. h4 a4 21. h5 b3
22. cxb3 axb3 23. a3 Nc4 24. Nc6 Nxa3+ 25. bxa3 Rxa3 26. Bc1 Ra2 27. Bb2 Nc5
28. Nxb8 Na4 29. Nc6 Rxb2+ 30. Qxb2 Nxb2 31. Nxe7+ Qxe7 32. Kxb2 Qxg5 33. Bc4
Qe5+ 34. Kxb3 Qe3+ 35. Rd3 Qb6+ 36. Kc3 Qa5+ 37. Kc2 h6 38. Rf1 Qa4+ 39. Bb3
Qe4 40. Rff3 Qe2+ 41. Kc1 Qe5 42. Rde3 Qa1+ 43. Kd2 Qd4+ 44. Ke2 Qb2+ 45. Kf1
Qh2 46. Rh3 Qf4+ 47. Ke2 Qg4+ 48. Kf2 g5 49. hxg6 fxg6 50. Rhg3 Qf4+ 51. Ke2 g5
52. Rgf3 Qg4 53. Bc2 Qc4+ 54. Bd3 Qa2+ 55. Kf1 Qa1+ 56. Kg2 Qa2+ 57. Kg3 Qa7
58. Kg4 Kg7 59. Kh5 g4 60. Kxg4 Qd4+ 61. Kh3 h5 62. Rg3+ Kf7 63. Rgf3+ Kg7 64.
Re7+ Kh6 65. Re6+ Kg7 66. Rg6+ Kh8 67. Rf8+ Kh7 68. Rg3+ Kh6 69. Rg6+ Kh7 70.
Rf3 Kh8 {[#]} 71. Rg5 $2 (71. Rfg3 Qh4+ 72. Kg2) 71... Qh4+ $1 72. Kxh4 1/2-1/2

[Event "Uppsala Young Champions 2018"]
[Site "?"]
[Date "2018.10.30"]
[Round "7.6"]
[White "Skahlberg Bjerknes, Warg"]
[Black "Colbow, Collin"]
[Result "1/2-1/2"]
[WhiteElo "1628"]
[BlackElo "2131"]
[Annotator "Buchal,Stephan"]
[PlyCount "87"]
[EventDate "2018.??.??"]

1. c4 c5 2. Nc3 Nc6 3. g3 g6 4. Bg2 Bg7 5. e3 d6 6. Nge2 Nf6 7. d4 Bd7 8. O-O
Qc8 9. Re1 Bh3 10. Bh1 h5 11. b3 h4 12. Bb2 hxg3 13. hxg3 Qf5 14. Nf4 g5 15.
Nxh3 Qxh3 16. Bxc6+ bxc6 17. Qf3 Qh2+ 18. Kf1 Qh1+ 19. Qxh1 Rxh1+ 20. Kg2 Rxe1
21. Rxe1 cxd4 22. exd4 Kd7 23. d5 cxd5 24. Nxd5 Nxd5 25. Bxg7 Nb4 26. a3 Nc6
27. Bc3 a5 28. Rb1 e5 29. Kf3 f5 30. Ke3 Ke6 31. b4 axb4 32. axb4 Ra3 33. Kd2
Ra2+ 34. Ke1 f4 35. gxf4 gxf4 36. b5 Nd8 37. Rb2 Rxb2 38. Bxb2 Nb7 39. Ke2 e4
40. Bc1 Ke5 41. Bb2+ Ke6 42. Bc1 Kf5 43. Bd2 Ke5 44. Bc3+ 1/2-1/2

[Event "Uppsala Young Champions 2018"]
[Site "?"]
[Date "2018.10.31"]
[Round "8.4"]
[White "Colbow, Collin"]
[Black "Sorensen, Hampus"]
[Result "0-1"]
[WhiteElo "2131"]
[BlackElo "2192"]
[Annotator "Buchal,Stephan"]
[PlyCount "130"]
[EventDate "2018.??.??"]

1. e4 e5 2. Nf3 Nc6 3. Bb5 g6 4. c3 a6 5. Ba4 Bg7 6. O-O Nge7 7. d4 exd4 8.
cxd4 b5 9. Bb3 O-O 10. Be3 Na5 11. Bc2 d6 12. Nc3 Nc4 13. Bc1 Bg4 14. b3 Nb6
15. Be3 f5 16. h3 Bh5 17. exf5 gxf5 18. Bg5 Qd7 19. Qd3 Nc6 20. Ne2 Nb4 21. Qd2
Nxc2 22. Qxc2 Bxf3 23. gxf3 h6 24. Be3 Nd5 25. Nf4 Nxf4 26. Bxf4 Bxd4 27. Rac1
c5 28. Bxh6 Qh7 29. Bxf8 Kxf8 30. Kg2 Qg6+ 31. Kh1 Qh5 32. Kg2 Ra7 33. Rg1 Rg7+
34. Kf1 Qxh3+ 35. Ke2 Re7+ 36. Kd2 Qxf3 37. Rce1 Qxf2+ 38. Kd1 Qxc2+ 39. Kxc2
Bxg1 40. Rxg1 Rf7 41. Kd3 f4 42. Ke2 f3+ 43. Kf2 Ke7 44. Rg8 Ke6 45. Ra8 b4 46.
Rxa6 Ke5 47. a4 bxa3 48. Rxa3 Kd4 49. Ra6 d5 50. Rd6 Rb7 51. Kxf3 Rxb3+ 52. Ke2
c4 53. Rh6 Rb2+ 54. Kd1 c3 55. Rh4+ Kd3 56. Rh3+ Kc4 57. Kc1 Rg2 58. Rh8 d4 59.
Rh3 d3 60. Rh1 Kb3 61. Kb1 Rb2+ 62. Ka1 Ra2+ 63. Kb1 c2+ 64. Kc1 Ra1+ 65. Kd2
Rxh1 0-1

[Event "Uppsala Young Champions 2018"]
[Site "?"]
[Date "2018.10.31"]
[Round "9.9"]
[White "Mitra, Akish"]
[Black "Colbow, Collin"]
[Result "0-1"]
[WhiteElo "1848"]
[BlackElo "2131"]
[Annotator "Buchal,Stephan"]
[PlyCount "48"]
[EventDate "2012.11.07"]

1. e4 c5 2. Nf3 d6 3. d4 cxd4 4. Nxd4 Nf6 5. Nc3 g6 6. Be3 Bg7 7. f3 O-O 8. Bc4
Nc6 9. Qd2 Bd7 10. O-O-O Rb8 11. g4 b5 12. Nxc6 Bxc6 13. Bb3 a5 14. Bh6 Bxh6
15. Qxh6 b4 16. Nd5 Bxd5 17. Bxd5 Qc7 18. h4 Rfc8 19. Rd2 {[#]} Nxd5 $1 {
Die genau berechnete Schlusskombination!} 20. exd5 b3 21. axb3 Rxb3 22. h5 {[#]
} Rxb2 $1 23. Kxb2 Qc3+ 24. Ka2 Rc4 0-1

[Event "28th WSCC Open 65 2018"]
[Site "?"]
[Date "2018.11.18"]
[Round "1"]
[White "Buchal, Stephan"]
[Black "Andreas, Guenter"]
[Result "1-0"]
[WhiteElo "2288"]
[BlackElo "1967"]
[Annotator "Stephan Buchal"]
[PlyCount "67"]

{Eine Stunde Zeit zur Vorbereitung - und keine einzige Partie von meinem
Gegner in der Datenbank. Nichtmal ein Eintrag in der ELO- oder DWZ-Liste. Sehr
mysteriös! Am Brett angekommen, bemerke ich den Fehler: In der Auslosung
heißt mein Gegner Andreas Günter, tatsächlich heißt er Guenter Andreas.
Und spielt ständig Seniorenturniere ... glücklicherweise klappt die Partie
auch ohne Vorbereitung.} 1. Nf3 d5 2. c4 c6 3. g3 Nf6 4. Bg2 Nbd7 5. O-O e5 {
88 - 86. Diese aktive Aufstellung kam mir sehr ungelegen. Schwarz besetzt mit
natürlichen Zügen das Zentrum und ich konnte mich nicht mehr an irgendein
"Gegengift" erinnern. Ich rechnete die Varianten mit d2-d4 durch, kam aber zu
keinem klaren Ergebnis und beschloss deshalb, erstmal "nichts" zu tun.} 6. cxd5
cxd5 7. b3 $2 ({Natürlich ist} 7. d4 $1 {richtig! Demuth gibt dazu folgende
Variante an:} e4 8. Ne5 Bd6 (8... Nxe5 9. dxe5 Ng4 10. Nc3 Be6 11. Qa4+ $16) 9.
Bf4 Qe7 10. Nc3 O-O {ungefähr bis hier war ich in meiner "Berechnung"
vorgedrungen und sah nur Abtäusche und keinen Vorteil. Dabei ist es - wenn
man es vor Augen hat - ganz offensichtlich:} (10... Nxe5 $142 11. dxe5 Bxe5 12.
Nxd5 Nxd5 13. Qxd5 Bxf4 14. gxf4 f5 {und Weiß hat nur leichten Vorteil} 15.
Rac1 (15. f3 e3 16. Rfd1 Be6 17. Qd4 O-O 18. Qxe3 Rfe8 19. a3 Qh4 20. Rd6 Bc4
21. Qd4 $14) 15... Be6 16. Qe5 O-O 17. f3 Rae8 18. Rc7 Qf6 19. Qxf6 Rxf6 20.
Rxb7 Bxa2 21. fxe4 fxe4 22. e3 Rb6 23. Rxb6 axb6 24. Rd1 Re6 (24... Bc4 25. Rd4
Bd3 26. b4 $14) 25. Kf2 Kf8 26. Rd4 Bb1 27. h4 $14) 11. Nxd7 Bxd7 12. Bg5 $14
Qe6 (12... Bc6 13. f3 e3 14. Qd3 Rfe8 15. f4 $16 {Demuth}) 13. Bxf6 gxf6 14. f3
$14) 7... Bd6 8. Ba3 $146 Bxa3 9. Nxa3 O-O 10. Qc2 Qa5 $11 {52 - 73} ({noch
einfacher scheint mir} 10... Qe7 $142 11. Qb2 b6 12. Rfc1 Ba6 13. d3 Rfc8 $11)
11. Qb2 Re8 12. Rac1 b5 $6 13. b4 Qa6 14. Rc7 {Ich fühlte mich hier schon
ganz wohl ...} Bb7 ({aber die Engine sieht nach} 14... Nb6 15. Rfc1 Bd7 16. d3
Na4 17. Qb3 Rac8 {eher leichten schwarzen Vorteil.}) 15. Rfc1 (15. Bh3 $1 $14)
15... Rad8 {23 - 49} 16. d3 (16. e3) 16... Ba8 17. Nd2 $2 {Stockfish hat mal
wieder was zu meckern!} (17. e3 $142 $14 e4 18. dxe4 dxe4 19. Nd4) 17... Qb6 $2
(17... e4 $142 $15) 18. Nb3 g6 $6 19. Nb1 $1 $14 a6 20. N1d2 Nf8 $6 {12 - 26.
Nur noch 12 Minuten für 20 Züge - das ist entschieden zu wenig!} 21. Nf3 $2
$138 (21. R7c2 $16) (21. e3) (21. d4 Ne6 22. R7c2 exd4 23. Nf3 d3 24. exd3 d4)
21... d4 $1 22. Ng5 Bxg2 (22... Nd5 23. Bxd5 Bxd5 24. Na5 $11) 23. Kxg2 Nd5 24.
R7c6 Qb7 25. Na5 Qa8 {9 - 24} 26. Kg1 $2 ({Wichtiger war es den Sd5 zu
"fesseln", daher} 26. Qb3 $14) 26... Ne6 $2 {Ein ganz merkwürdiger Zug, der
den lästigen Sg5 abtauscht, aber die Struktur zerstört.} (26... Nc3 27. Ne4
Nxe4 28. dxe4 d3 29. exd3 Rxd3 30. Nb3 Ne6 $11) 27. Nxe6 fxe6 28. R1c5 $1 $16
Rd7 29. a3 Ra7 $4 30. Qc2 $18 Rae7 $2 {3 - 17} 31. Rc8 Qa7 32. Nc6 Qd7 33.
Nxe7+ Nxe7 34. Rxe8+ 1-0